Vista normal Vista MARC

Entrada Materia (corporativa)

Número de registros utilizados en: 2

001 - CONTROL NUMBER

  • control field: 163565

003 - CONTROL NUMBER IDENTIFIER

  • control field: Co-BoUCM

005 - DATE AND TIME OF LATEST TRANSACTION

  • control field: 20211111074633.0

008 - FIXED-LENGTH DATA ELEMENTS

  • fixed length control field: 211111|| aca||aabn | a|a d

040 ## - CATALOGING SOURCE

  • Original cataloging agency: Co-BoUCM
  • Transcribing agency: Co-BoUCM

110 ## - HEADING--CORPORATE NAME

  • Corporate name or jurisdiction name as entry element: Universidad Nacional de Colombia (Sede Bogotá).
  • Subordinate unit: Instituto de Estudios Ambientales.IDEA

670 ## - SOURCE DATA FOUND

  • Source citation: Work cat.: (Co-BoUCM)53065: Carrizosa Umaña, Julio 1935- 75088, Desequilibrios territoriales y sostenibilidad local conceptos, metodologías y realidades, 2005